Guess the song - Louis Tomlinson (FITF included) - Statistics

General Stats
  • This quiz has been taken 502 times
    316 since last reset
  • The average score is 21 of 34
Answer Stats
Hint Answer % Correct
When somebody told me I would change I used to hide behind a smile… Bigger Than Me
87%
I went to Amsterdam without you… Always You
86%
Is it my imagination… Miss You
82%
Slowly, I never wanna go slowly… Out Of My System
82%
Pour mercy mercy on me… Only the Brave
80%
I saw you had a baby, did you… Chicago
79%
Gettin’ high on the amber wave… Silver Tongues
79%
It’s been a minute since I called you… Two of Us
79%
You’re a nightmare… Kill My Mind
76%
…A hurricane behind the door… Written All Over Your Face
74%
It’s the guy from the one band… Just Like You
73%
I came from a good home… Common People
72%
I come running to you like a moth into a flame… Defenceless
71%
I always said that I’d mess up eventually… Habit
71%
Nothing wakes you up… Walls
71%
You say to me, your jeans don’t fit… Perfect Now
68%
I know you say you know me know me well… Back to You
67%
…Underestimated, and always underrated… We Made It
67%
…You said I wear it like a crown, It’s gonna drag me down… Holding On To Heartache
65%
Here are some words I know that you don’t wanna hear… That’s The Way Love Goes
59%
Time of our lives... Change
56%
On our way to, twenty seven… Don’t Let It Break Your Heart
55%
Cash in your weekend treasures… Fearless
54%
Good and bad and right and wrong… Face The Music
52%
Nothin’ really matters… Angels Fly
51%
I’m not supposed to be… Saturdays
51%
Wish that you, could build a time machine… Just hold on
48%
Conversation is currency… She Is Beauty We Are World Class
44%
You give and give until it’s gone away… Lucky Again
42%
It’s late now, I’m tryna find the words to say for ages… All This Time
39%
Blue like the light surroundin' me... High In California
39%
…To know we had everything… Too young
37%
Sometimes I wake up and I hear you through the silence… Headline
36%
Tell you I’m on my way… The Greatest
35%
No matching quizzes found
Score Distribution
Percent of People with Each Score
Percentile by Number Answered
Your Score History
You have not taken this quiz since the last reset